| 000 | 01316nam a2200397 i 4500 | ||
|---|---|---|---|
| 001 | 45398 | ||
| 003 | KOSZ 005 | ||
| 005 | 20190801123742.0 | ||
| 008 | 050119s2004 pl f f |000 0 pol d | ||
| 020 | _a8372414303 | ||
| 040 |
_cKOSZ 005 _aKOSZ 005 _dKOSZ 005/HR |
||
| 046 | _k2004 | ||
| 080 | _a330.43 | ||
| 080 | _a(075.8) | ||
| 100 | 1 |
_aHozer, Józef _d(1948- ) _eAutor |
|
| 245 | 1 | 0 |
_aMatematyczno-ekonomiczne modele funkcjonowania gospodarki / _cJózef Hozer ; Uniwersytet Szczeciński. |
| 250 | _aWyd.2 zm. | ||
| 260 |
_aSzczecin : _bWydaw. Naukowe US, _c2004. |
||
| 300 |
_a330 s. : _bwykr. ; _c24 cm. |
||
| 336 |
_2rdacontent _aTekst _btxt |
||
| 337 |
_2rdamedia _aBez urządzenia pośredniczącego _bn |
||
| 338 |
_2rdacarrier _aWolumin _bnc |
||
| 380 | _aKsiążki | ||
| 380 | _aPublikacje dydaktyczne | ||
| 385 |
_mPoziom nauczania _aSzkoły wyższe |
||
| 388 | _a2001- | ||
| 504 | _aBibliogr. | ||
| 658 | _aGospodarka, ekonomia, finanse | ||
| 658 | _aMatematyka | ||
| 655 | _aPodręczniki akademickie | ||
| 650 | 9 | _aModele matematyczne | |
| 650 | 4 | _aEkonometria | |
| 710 | 0 | _aUniwersytet Szczeciński | |
| 856 |
_uhttp://koha.tu.koszalin.pl/cgi-bin/koha/opac-detail.pl?biblionumber=45398 _yKatalog online BPK |
||
| 942 |
_cKS _2UKD |
||
| 999 |
_c45398 _d45398 |
||